000 00553nam a2200181Ia 4500
001 3913
005 20260306145718.0
008 260306t2008||||xx |||||||||||||| ||spa||
041 _aESP
082 _a305.42
_bI59A
100 _aInstituto Interamericano de Derechos Humanos
_eAUT
245 0 _aConvención CEDAW y Protocolo Facultativo:
_bConvención sobre la eliminación de todas las formas de discriminación contra la mujer
260 _c2008
300 _a288 páginas :
_c20 cm.
650 _aGEN
654 _aCHU
942 _cLIB
_dJUS
_fJUS
_2ddc
_n
999 _c3913
_d3913